=LDR 00000nam 2200000 4500 =001 INLIS000000000051613 =005 20171003105521 =035 ##$$a 0010-1017000052 =007 ta =008 171003###########################0###### =020 ##$$a 979-17085-6-8 =082 ##$$a 372.707 6 =084 ##$$a 372.707 6 ELI m =100 #$$a Elisya Dewi =245 1#$$a Matematika Super Hebat : $b :Olimpiade Matematika untuk Junior /$c Elisya Dewi =260 ##$$a Yogyakarta :$b Mitra Buku,$c 2016 =300 ##$$a 220 hlm : $b ilus. ; $c 21 cm =650 ##$$a Matematika SD-Soal-Soal =504 ##$$a Bibliografi : Hlm. 220 =990 ##$$a 1220112201 =990 ##$$a 1220112201 =990 ##$$a 1220112201 =990 ##$$a 1220112201 =990 ##$$a 1220112201 =990 ##$$a 21703476 =990 ##$$a 01201712201 =990 ##$$a 01201712202 =990 ##$$a 01201712203 =990 ##$$a 01201712204 =990 ##$$a 21703477 =990 ##$$a 01201712201 =990 ##$$a 01201712202 =990 ##$$a 01201712203 =990 ##$$a 21703476 =990 ##$$a 21703478 =990 ##$$a 01201712201 =990 ##$$a 01201712202 =990 ##$$a 21703477 =990 ##$$a 21703476 =990 ##$$a 21703479 =990 ##$$a 01201712201 =990 ##$$a 21703478 =990 ##$$a 21703477 =990 ##$$a 21703476 =990 ##$$a 21703480 =990 ##$$a 21703479 =990 ##$$a 21703478 =990 ##$$a 21703477 =990 ##$$a 21703476